Statistics for Born in St. Louis

Click here to take the quiz!

General Stats

  • This quiz has been taken 19 times
    (3 since last reset)
  • The average score is 5 of 33

Answer Stats

HintAnswer% Correct
Director, "Guardians of the Galaxy" "The Suicide Squad" 1966James Gunn
100%
Senegalese-American singer, "Smack That" "Lonely" 1973Akon
50%
Singer and rock and roll pioneer, "Johnny B. Goode" "Roll Over Beethoven"1926Chuck Berry
50%
Founder of Enterprise Rent-A-Car1922Jack C. Taylor
50%
Co-founder and former CEO of Twitter1976Jack Dorsey
50%
Author, "The Awakening"1851Kate Chopin
50%
Poet and civil rights activist, "I Know Why the Caged Bird Sings"1928Maya Angelou
50%
Comic book writer and creator of "Howard the Duck"1947Steve Gerber
50%
Singer, "All the Stars" "What Lovers Do" "Good Days"1989SZA
50%
Actress, known for her roles as Renee Walker in "24" and Julia Brasher in "Bosch", she died from cancer at the age of 451977Annie Wersching
0%
Soccer player and captain of the U.S. women's national team1985Becky Sauerbrunn
0%
Shooting guard who plays for the Washington Wizards1993Bradley Beal
0%
Tennis player and second woman to win a Career Grand Slam1925Doris Hart
0%
Governor of Missouri from 2017 to 2018, allegations of sexual assault and campaign finance impropriety led to his resignation1974Eric Greitens
0%
Actor, "X-Men" "American Horror Story" "Dahmer"1987Evan Peters
0%
Wide receiver who plays for the Detroit Lions2001Jameson Williams
0%
Small forward who plays for the Boston Celtics1998Jayson Tatum
0%
Actor, "Mad Men" "The Town" "Baby Driver"1971Jon Hamm
0%
American-born French dancer and actress, iconic image of the Roaring Twenties, supporter of the French Resistance and civil rights activist1906Josephine Baker
0%
Actor, "A Fish Called Wanda" "Wild Wild West" "Sophie's Choice"1947Kevin Kline
0%
Running back who plays for the Los Angeles Rams2000Kyren Williams
0%
Actress, known for her role as Regan MacNeil in "The Exorcist"1959Linda Blair
0%
Principal owner of the Arizona Cardinals1969Michael Bidwill
0%
Actor, "Forrest Gump" "Heat" "Ali" "Fences"1957Mykelti Williamson
0%
Secretary of the Treasury from 2001 to 20021935Paul H. O'Neill
0%
Biochemist who was awarded the Nobel Prize for his studies of the process by which genetic information from DNA is copied to RNA1947Roger D. Kornberg
0%
Actor, "This Is Us" "Black Panther" "Waves"1976Sterling K. Brown
0%
Nobel Prize winning physicist and Secretary of Energy from 2009 to 20131948Steven Chu
0%
Actress, known for her role as Jenny Humphrey in "Gossip Girl"1993Taylor Momsen
0%
Soccer player who plays for Fulham and the U.S. national team1987Tim Ream
0%
Considered one of the 20th century's major poets and winner of the Nobel Prize in Literature 19481888T. S. Eliot
0%
Chairman of the St. Louis Cardinals1941William DeWitt Jr.
0%
Hall of Fame catcher who played for the New York Yankees, who later worked as manager and coach for the Yankees and Mets1925Yogi Berra
0%

Score Distribution

Percentile by Number Answered

Percent of People with Each Score

Your Score History

You have not taken this quiz since the last reset